The effect of a problem solving in-service program on the classroom behaviors and attitudes of middle school science teachers (Record no. 67099)

MARC details
000 -CABECERA
campo de control de longitud fija 00737nam a2200229 a 4500
005 - FECHA Y HORA DE LA ÚLTIMA TRANSACCIÓN
campo de control 20210219153041.0
008 - ELEMENTOS DE LONGITUD FIJA--INFORMACIÓN GENERAL
campo de control de longitud fija 991125n 000 0 u
035 ## - NÚMERO DE CONTROL DEL SISTEMA
Número de control de sistema UPN01000074755
100 1# - ASIENTO PRINCIPAL--NOMBRE PERSONAL
Nombre de persona Abell, Sandra K
222 ## - TÍTULO CLAVE
Título clave JOURNAL OF RESEARCH IN SCIENCE TEACHING
245 ## - MENCIÓN DE TÍTULO
Título The effect of a problem solving in-service program on the classroom behaviors and attitudes of middle school science teachers
300 ## - DESCRIPCIÓN FÍSICA
Extensión 649-667
362 0# - FECHAS DE PUBLICACIÓN Y/O DESIGNACIÓN SECUENCIAL
Fecha de publicación y/o designación secuencial 1992 Vol. 29, no. 7
653 0# - TERMINO DE INDIZACION - NO CONTROLADO
Término no controlado CLASES INTERMEDIAS
653 0# - TERMINO DE INDIZACION - NO CONTROLADO
Término no controlado EDUCACION CIENTIFICA
653 0# - TERMINO DE INDIZACION - NO CONTROLADO
Término no controlado FORMACION DE MAESTROS
653 0# - TERMINO DE INDIZACION - NO CONTROLADO
Término no controlado INVESTIGACION EDUCATIVA
653 0# - TERMINO DE INDIZACION - NO CONTROLADO
Término no controlado PRACTICA DOCENTE
700 1# - ASIENTO SECUNDARIO--NOMBRE DE PERSONAL
Nombre de persona Pizzini, Edward L.,
Término indicativo de función/relación coaut.
904 ## - ELEMENTOS DE DATOS D LOCAL, LDD (RLIN)
a AC
b 012566
905 ## - TIPO DE MATERIAL
Tipo de material Articulo

No items available.